000 00979nam a2200301 a 4500
001 000004102
005 20200929150715.0
008 840720s1999 sp 000 f spa d
020 _a8401491509
040 _aDO-SdBNP
_bspa
_cBNPHU
041 1 7 _aspa
_heng
_2código de idioma MARC
082 _a813.54
_bC587c, 1999
100 1 _aClancy, Tom,
_d1947-
_910904
240 1 0 _aThe hunt for Red October.
_lEspañol
245 1 3 _aLa caza del octubre rojo /
_cTom Clancy ; traducción de Benigno H. Andrada.
250 _a8a ed.
260 _aBarcelona :
_bPlaza & Janés,
_c1999.
300 _a568 p. ;
_c18 cm.
490 1 _aJet
_v150/3
534 _pTítulo original:
_tThe hunt for Red October
650 4 _aNovela estadounidence
_912214
650 4 _aLiteratura estadounidence
_ySIGLO XX
_912215
700 1 _aAndrada, Benigno H.,
_etr.
_912216
830 0 _aJet ;
_v150/3
_911886
910 _aCatalogación por copia
910 _aJornada de catalogación
049 _aBNGR
999 _c3920
_d3920